Countries With Lowest And Highest Age Of Consent - Statistics

General Stats
  • This quiz has been taken 132 times
  • The average score is 3 of 14
Answer Stats
Type Country Male Female % Correct
Highest Niger 21 21
59%
Lowest Yemen ? 9
46%
Lowest Brazil 14 14
33%
Lowest Sudan 13 12
27%
Lowest Colombia 14 14
22%
Highest Bahrain 21 21
21%
Lowest Bangladesh 14 14
13%
Lowest Paraguay 14 14
12%
Lowest Lesotho 14 14
10%
Lowest Honduras 14 14
7%
Lowest Madagascar 14 14
5%
Lowest Maldives 18 9
5%
Highest Cameroon 21 21
4%
Lowest East Timor 14 14
3%
No matching quizzes found
Score Distribution
Percent of People with Each Score
Percentile by Number Answered
Your Score History
You have not taken this quiz